[Event "HUN-chT2 Toth 1819"]
[Site "Hungary"]
[Date "2018.09.23"]
[Round "1.1"]
[White "Marton, Attila"]
[Black "Cs Kovacs, Laszlo"]
[Result "1/2-1/2"]
[WhiteElo "1816"]
[BlackElo "1836"]
[PlyCount "75"]
[EventDate "2018.09.23"]
[EventType "team-tourn"]
[EventRounds "11"]
[EventCountry "HUN"]
[SourceTitle "EXT 2021"]
[Source "ChessBase"]
[SourceDate "2020.10.23"]
[SourceVersion "1"]
[SourceVersionDate "2020.10.23"]
[SourceQuality "1"]
[WhiteTeam "Kecskemet Takisz"]
[BlackTeam "Felegyhaza Csongrad"]
[WhiteTeamCountry "HUN"]
[BlackTeamCountry "HUN"]

1. c4 Nf6 2. Nc3 g6 3. g3 Bg7 4. Bg2 0-0 5. e3 e5 6. Nge2 c6 7. d4 exd4 8. exd4 d5 9. cxd5 Nxd5 10. Nxd5 cxd5 11. Qb3 Nc6 12. Be3 Be6 13. 0-0 Na5 14. Qb4 b6 15. b3 Qd7 16. Nf4 Rfd8 17. Nxe6 Qxe6 18. Rac1 h6 19. Rfe1 Qd7 20. Bf1 Bf8 21. Qd2 g5 22. Qb2 Rac8 23. Ba6 Nb7 24. Bxb7 Qxb7 25. Rxc8 Rxc8 26. Rc1 Rc6 27. Rxc6 Qxc6 28. Qc1 Qxc1+ 29. Bxc1 Bg7 30. Be3 Kf8 31. Kf1 Ke7 32. Ke2 Ke6 33. g4 f5 34. f3 f4 35. Bf2 Kd6 36. Kd3 Kc6 37. Be1 Bf8 38. a4 1/2-1/2

[Event "HUN-chT2 Toth 1718"]
[Site "Hungary"]
[Date "2017.10.08"]
[Round "2.9"]
[White "Cs Kovacs, Laszlo"]
[Black "Kovacs, Arthur"]
[Result "1/2-1/2"]
[WhiteElo "1849"]
[BlackElo "1977"]
[PlyCount "85"]
[EventDate "2017.09.24"]
[EventType "team-tourn"]
[EventRounds "11"]
[EventCountry "HUN"]
[SourceTitle "EXT 2021"]
[Source "ChessBase"]
[SourceDate "2020.10.23"]
[SourceVersion "1"]
[SourceVersionDate "2020.10.23"]
[SourceQuality "1"]
[WhiteTeam "Felegyhaza Csongrad"]
[BlackTeam "Mako Duocor II"]
[WhiteTeamCountry "HUN"]
[BlackTeamCountry "HUN"]

1. Nf3 d5 2. d3 Nf6 3. g3 e6 4. Bg2 Be7 5. b3 0-0 6. Bb2 b6 7. 0-0 Bb7 8. Nbd2 Nbd7 9. c4 c5 10. Ne5 Qc7 11. Nxd7 Qxd7 12. cxd5 Bxd5 13. Bxf6 Bxf6 14. Bxd5 Qxd5 15. Rb1 Be7 16. Qc2 f5 17. Qc4 Rfd8 18. Rfd1 a6 19. Nf3 b5 20. Qf4 Qd6 21. Kf1 Qxf4 22. gxf4 Bd6 23. e3 Be7 24. Rbc1 Rd5 25. Ke2 Bf6 26. Rc2 b4 27. e4 fxe4 28. dxe4 Rxd1 29. Kxd1 Bc3 30. Ke2 a5 31. Kd3 a4 32. Kc4 axb3 33. axb3 Rf8 34. Kxc5 Rxf4 35. Ng5 h6 36. Nxe6 Rxe4 37. Kd5 Re5+ 38. Kd6 Rh5 39. f4 Ra5 40. Nc5 Ra1 41. Na4 Rd1+ 42. Kc5 Rd3 43. Kc4 1/2-1/2

[Event "HUN-chT2 Toth 1617"]
[Site "Hungary"]
[Date "2016.12.11"]
[Round "6.9"]
[White "Arato, Daniel"]
[Black "Cs Kovacs, Laszlo"]
[Result "0-1"]
[WhiteElo "1642"]
[BlackElo "1856"]
[PlyCount "72"]
[EventDate "2016.09.25"]
[EventType "team-tourn"]
[EventRounds "11"]
[EventCountry "HUN"]
[SourceTitle "EXT 2021"]
[Source "ChessBase"]
[SourceDate "2020.10.23"]
[SourceVersion "1"]
[SourceVersionDate "2020.10.23"]
[SourceQuality "1"]
[WhiteTeam "Szeged Maroczy II"]
[BlackTeam "Felegyhaza Csongrad"]
[WhiteTeamCountry "HUN"]
[BlackTeamCountry "HUN"]

1. d4 Nf6 2. c4 d6 3. Nc3 g6 4. e4 Bg7 5. Nf3 Bg4 6. h3 Bxf3 7. Qxf3 c6 8. Bg5 Nbd7 9. g4 Qb6 10. Bg2 Qxd4 11. 0-0 0-0 12. Qe2 Ne5 13. Kh1 Qxc4 14. Qd2 Qd3 15. Qf4 Qd4 16. Bh6 Nd3 17. Qd2 Bxh6 18. Qxh6 Nxb2 19. Ne2 Qc4 20. Ng3 Rab8 21. f4 Qd3 22. Rf3 Qd4 23. Rg1 Kh8 24. g5 Nxe4 25. Nxe4 Qxe4 26. h4 Qd4 27. f5 Qg7 28. Qxg7+ Kxg7 29. f6+ exf6 30. gxf6+ Kg8 31. h5 Nc4 32. hxg6 fxg6 33. Bh3 Rbe8 34. Bf5 Kf7 35. Bc2 Re5 36. Rh3 Rh5 0-1